• 首页
  • 本馆介绍
  • 公告通知
  • 最新文献
  • 馆藏检索
  • 电子资源
  • 读者导购
  • 参考咨询
  • 我的图书馆
  • 登录
  • 详细信息显示
  • 放入我的书架
  • 预约/预借图书
  • 作者相关作品
  • 分类相关作品
  • 丛书相关作品
  • 出版社相关作品

书目信息

  • 表格格式
  • 工作单格式
  • 卡片格式
题名:
微电脑趣谈
    
 
作者: 吴宝坤 , 袁幼卿 著
分册:  
出版信息: 北京   科学普及出版社  1983
页数: 84页
开本: 19cm
丛书名: 电子应用技术丛书
单 册:
中图分类: TP36-49
科图分类:
主题词: 微型计算机--普及读物
电子资源:
ISBN:
000 00734nam2 2200265 45
001 0183005232
005 20060812111740.26
010    @dCNY0.30
091    @a13051.1320
100    @a19950510d1983 em y0chiy0121 ea
101 0  @achi
102    @aCN@b110000
105    @ay z 000yy
200 10 @a微电脑趣谈@Awei dian nao qu tan@f袁幼卿,吴宝坤著
210    @a北京@c科学普及出版社@d1983
215    @a84页@d19cm
225 2  @a电子应用技术丛书@v3
410  0 @120010@a电子应用技术丛书
606    @a微型计算机@x普及读物
690    @aTP36-49@v3
701  0 @a吴宝坤@Awu bao kun@4著
701  0 @a袁幼卿@Ayuan you qing@4著
801  2 @aCN@bNLC@c20060812
801  0 @aCN@b上海图书馆@c20040521
905    @f2@b105390-391@dTP36-49@e27
    
    微电脑趣谈/袁幼卿,吴宝坤著.-北京:科学普及出版社,1983
    84页;19cm.-(电子应用技术丛书;3)
    
    
    ISBN :CNY0.30
    
●
相关链接 在E读中查询图书 在五车中查询图书 在当当中查询图书 在豆瓣中查询图书


正题名:微电脑趣谈     索取号:TP36-49/27         预约/预借

序号 登录号 条形码 馆藏地/架位号 状态 备注
1 0105390   001636705   密集书库/ [索取号:TP36-49/27] 在馆    
2 0105391   001636634   密集书库/ [索取号:TP36-49/27] 在馆    
3 0105392   001636625   第二样本阅览室/ [索取号:TP36-49/27] 在馆    
4 0452367   204523676   密集书库/ [索取号:TP36-49/27] 在馆    
唐山师范学院图书馆 欢迎您!
大连网信软件有限公司© 版权所有